Management information systems: Managing information technology in the networked enterprise. (Record no. 3894)

MARC details
005 - DATE AND TIME OF LATEST TRANSACTION
control field 20250612155641.0
020 ## - INTERNATIONAL STANDARD BOOK NUMBER
International Standard Book Number 0-256-17354-0
082 ## - DEWEY DECIMAL CLASSIFICATION NUMBER
Classification number LECT 658.403 OBR
100 ## - MAIN ENTRY--PERSONAL NAME
Author name O'BRIEN, J. A.
245 ## - TITLE STATEMENT
Title Management information systems: Managing information technology in the networked enterprise.
250 ## - EDITION STATEMENT
Edition statement 3rd Ed.
260 ## - PUBLICATION, DISTRIBUTION, ETC.
Place of publication, distribution, etc. Boston,
Name of publisher, distributor, etc. Irwin/McGraw-Hill,
Date of publication, distribution, etc. 1996.
300 ## - PHYSICAL DESCRIPTION
Extent xxxi, 623p.: ill.; figure, map, picture, table.
Other physical details Glossary & index,
Dimensions 26cm.
942 ## - ADDED ENTRY ELEMENTS (KOHA)
Source of classification or shelving scheme Dewey Decimal Classification
Koha item type Books
Holdings
Date last seen Total checkouts Full call number Barcode Cost, replacement price Price effective from Koha item type Lost status Source of classification or shelving scheme Damaged status Not for loan Withdrawn status Home library Current library Shelving location Date acquired Cost, normal purchase price
06/12/2025   LECT 658.403 OBR 00000012848 156000.00 06/12/2025 Books   Dewey Decimal Classification       College of Business Education Main Library College of Business Education Main Library General Collection 10/27/2005 52000.00
06/12/2025   LECT 658.403 OBR 00000012849 156000.00 06/12/2025 Books   Dewey Decimal Classification       College of Business Education Main Library College of Business Education Main Library General Collection 10/27/2005 52000.00